[Event "Alfoeld Cup"]
[Site "?"]
[Date "1999.??.??"]
[Round "9"]
[White "Maklari Arpad"]
[Black "Arva Karoly"]
[Result "1-0"]
[WhiteElo "2180"]
[BlackElo "1940"]
[PlyCount "89"]
[EventDate "1999.??.??"]
[Source "www.chesslib.no"]
[SourceDate "2004.05.04"]

1. e4 e6 2. e5 d6 3. exd6 Bxd6 4. d4 Ne7 5. Nf3 O-O 6. Bd3 Ng6 7. Ng5 Qf6 8. h4 h6 9. Be3 e5 10. d5 Bf5 11. Bxf5 Qxf5 12. g4 Qd7 13. Ne4 Be7 14. g5 f5 15. Nc5 Bxc5 16. Bxc5 Rd8 17. Nc3 Nf4 18. Qf3 h5 19. O-O-O g6 20. Be3 Na6 21. Bxf4 exf4 22. Qxf4 Qd6 23. Qc4 Qc5 24. Qxc5 Nxc5 25. Rhe1 Re8 26. Nb5 Rxe1 27. Rxe1 Kf7 28. Nxc7 Rc8 29. d6 Ne4 30. Rd1 Nxf2 31. Rd4 Ne4 32. Nb5 a6 33. d7 Rd8 34. Nd6+ Nxd6 35. Rxd6 Ke7 36. Rxg6 Rf8 37. Rf6 Rxf6 38. d8=Q+ Kxd8 39. gxf6 Kd7 40. Kd2 Ke6 41. Ke3 Kxf6 42. Kf4 Ke6 43. c4 Kf6 44. b4 b5 45. c5 1-0

[Event "SLO-ch (Women)"]
[Site "Grize"]
[Date "2001.10.09"]
[Round "9"]
[White "Groselj, Petra"]
[Black "Marusic, Nada"]
[Result "1/2-1/2"]
[WhiteElo "2111"]
[BlackElo "2003"]
[PlyCount "52"]
[EventDate "2001.10.01"]
[Source "ChessBase"]
[SourceDate "2001.10.26"]

1. e4 e6 2. e5 d5 3. exd6 Bxd6 4. d4 Nf6 5. Nf3 Nbd7 6. Bd3 e5 7. O-O O-O 8. Nc3 exd4 9. Nxd4 Nc5 10. Nf5 Be5 11. Qf3 Bxc3 12. bxc3 Nxd3 13. cxd3 Qd7 14. Ng3 Qg4 15. Qxg4 Bxg4 16. Rb1 b6 17. Bg5 Nd5 18. c4 Nc3 19. Rb3 Ne2+ 20. Nxe2 Bxe2 21. Re1 Bg4 22. d4 Bd7 23. d5 Rfe8 24. Rbe3 Rxe3 25. Rxe3 Re8 26. Bf4 c6 1/2-1/2

[Event "Kamloops"]
[Site "?"]
[Date "1989.03.24"]
[Round "1.1"]
[White "Raniseth Steve"]
[Black "Brown Paul"]
[Result "0-1"]
[WhiteElo "2295"]
[BlackElo "1789"]
[PlyCount "66"]
[EventDate "1989.??.??"]
[Source "www.chesslib.no"]
[SourceDate "2004.05.04"]

1. e4 e6 2. e5 d6 3. Nf3 dxe5 4. Nxe5 Nf6 5. d4 c5 6. Bb5+ Nbd7 7. O-O a6 8. Bxd7+ Nxd7 9. Qf3 Qf6 10. Qxf6 gxf6 11. Nf3 cxd4 12. Nxd4 Ne5 13. Nd2 Bd7 14. Ne4 Be7 15. Bd2 Rg8 16. Bc3 h5 17. f4 Nc4 18. Rae1 O-O-O 19. Nf3 Rg6 20. b3 Nd6 21. Nxd6+ Bxd6 22. f5 Rh6 23. Rd1 Bb5 24. Rfe1 e5 25. Bd2 Bc5+ 26. Kh1 Rhh8 27. c4 Bd7 28. h3 Rhe8 29. b4 Bf2 30. Re2 Bg3 31. Re3 Bxf5 32. Nd4 Rxd4 33. Rxg3 Bc2 0-1

[Event "Budapest HUN"]
[Site "?"]
[Date "2001.??.??"]
[Round "8"]
[White "Toth Gabor"]
[Black "Kiss Peter"]
[Result "0-1"]
[WhiteElo "2000"]
[BlackElo "2035"]
[PlyCount "105"]
[EventDate "2001.??.??"]
[Source "www.chesslib.no"]
[SourceDate "2004.05.04"]

1. e4 e6 2. e5 d6 3. exd6 Bxd6 4. d4 Nf6 5. Nf3 O-O 6. Bd3 Nbd7 7. Bg5 e5 8. dxe5 Nxe5 9. Nxe5 Bxe5 10. c3 Qd6 11. Bxf6 Qxf6 12. O-O Qh6 13. g3 Bh3 14. Re1 Rad8 15. Qc2 Rd6 16. Na3 Re6 17. Bf5 Bxf5 18. Qxf5 Rfe8 19. Re3 g6 20. Qd3 Bd6 21. Nc4 Bc5 22. Rxe6 Rxe6 23. h4 Qf8 24. b4 Be7 25. Rd1 Bf6 26. Ne3 c6 27. a3 h5 28. c4 Qe7 29. b5 Be5 30. Qd8+ Kg7 31. Qxe7 Rxe7 32. bxc6 bxc6 33. Kg2 Kf6 34. Rb1 Bd4 35. Kf3 Bc5 36. Rb3 Rd7 37. Ke2 Ke5 38. a4 a5 39. Ng2 Rd4 40. Ne3 Bb4 41. Rd3 Bc5 42. Rxd4 Kxd4 43. Kf3 Kd3 44. g4 Bxe3 45. fxe3 hxg4+ 46. Kxg4 Kxc4 47. Kg5 Kd5 48. Kf6 c5 49. Kxf7 c4 50. Kxg6 c3 51. h5 c2 52. h6 c1=Q 53. Kg7 0-1

[Event "Sherbrooke op"]
[Site "?"]
[Date "2000.??.??"]
[Round "1"]
[White "Maltais Christian"]
[Black "Angers Gilles"]
[Result "1/2-1/2"]
[WhiteElo "1914"]
[BlackElo "2054"]
[PlyCount "46"]
[EventDate "2000.??.??"]
[Source "www.chesslib.no"]
[SourceDate "2004.05.04"]

1. e4 e6 2. e5 d5 3. exd6 cxd6 4. d4 Nf6 5. Nf3 Nc6 6. Bd3 d5 7. c3 Be7 8. O-O O-O 9. Re1 Bd7 10. Nbd2 Rc8 11. Ne5 Nb8 12. Ndf3 Be8 13. h3 Nfd7 14. Bc2 Nxe5 15. Nxe5 Nd7 16. Qd3 f5 17. Bf4 Nxe5 18. Bxe5 Bd6 19. Qg3 Bxe5 20. Rxe5 Rf6 21. Rae1 Bd7 22. f4 b5 23. Bb3 a5 1/2-1/2

[Event "It (Open) Le Touquet FRA"]
[Site "?"]
[Date "2005.10.23"]
[Round "1"]
[White "Ratel Laurent"]
[Black "Flandre Xavier"]
[Result "1-0"]
[WhiteElo "2027"]
[BlackElo "1913"]
[PlyCount "57"]
[EventDate "2005.??.??"]
[Source "www.chesslib.no"]
[SourceDate "2004.05.04"]

1. e4 e6 2. e5 d5 3. exd6 Bxd6 4. Nc3 Nf6 5. Bc4 Bd7 6. d3 Bc6 7. Nf3 a6 8. Qe2 b5 9. Bb3 b4 10. Ne4 Nxe4 11. dxe4 Nd7 12. Bg5 Qc8 13. Nd4 Bb7 14. Rd1 Nc5 15. e5 Be7 16. Bxe7 Kxe7 17. Qg4 h5 18. Qg5+ Kf8 19. O-O Rh6 20. g3 h4 21. Qe3 Ne4 22. f3 Nc5 23. Nc6 Nd7 24. Ba4 hxg3 25. hxg3 a5 26. Na7 Qb8 27. Rxd7 Rxa7 28. Qc5+ Kg8 29. Qe7 1-0

[Event "Sherbrooke op"]
[Site "?"]
[Date "2000.??.??"]
[Round "1"]
[White "Gozzi Carlo"]
[Black "Auger Bertrand"]
[Result "1/2-1/2"]
[WhiteElo "1848"]
[BlackElo "1998"]
[PlyCount "55"]
[EventDate "2000.??.??"]
[Source "www.chesslib.no"]
[SourceDate "2004.05.04"]

1. e4 e6 2. e5 d5 3. exd6 cxd6 4. d4 Nf6 5. Nf3 Be7 6. Bd3 O-O 7. O-O b6 8. b3 Bb7 9. Bb2 Nbd7 10. Re1 Re8 11. c4 Bf8 12. Nbd2 Qc7 13. Qe2 Rad8 14. Rad1 Qb8 15. Bb1 g6 16. Ne4 Nxe4 17. Bxe4 d5 18. Bd3 Bb4 19. Rf1 dxc4 20. Bxc4 Qa8 21. Qe3 Bf8 22. Be2 Nf6 23. Rc1 Nd5 24. Qd2 Bb4 25. Qh6 Bf8 26. Qd2 Bb4 27. Qh6 Bf8 28. Qd2 1/2-1/2

[Event "Centelles op B"]
[Site "?"]
[Date "1996.10.19"]
[Round "7"]
[White "Francas Busquets Joan"]
[Black "Carbones Llobet Josep"]
[Result "0-1"]
[WhiteElo "1880"]
[BlackElo "1770"]
[PlyCount "56"]
[EventDate "1996.??.??"]
[Source "www.chesslib.no"]
[SourceDate "2004.05.04"]

1. e4 e6 2. e5 c5 3. c3 d5 4. exd6 Bxd6 5. d3 Nc6 6. Nf3 Nf6 7. Bg5 Be7 8. Nbd2 b5 9. Ne4 Nxe4 10. Bxe7 Nxc3 11. Bxd8 Nxd1 12. Rxd1 Nxd8 13. d4 c4 14. b3 Bb7 15. Nd2 Rc8 16. bxc4 bxc4 17. Bxc4 O-O 18. O-O Nc6 19. Nb3 Ne7 20. Nc5 Bd5 21. Bxd5 Nxd5 22. Rfe1 Nc3 23. Rc1 Nxa2 24. Ra1 Nc3 25. Rxa7 Rfd8 26. Rd7 Rxd7 27. Nxd7 Rd8 28. Rc1 Ne2+ 0-1

[Event "Corr"]
[Site "?"]
[Date "2000.08.23"]
[Round "?"]
[White "Fantoni Franco"]
[Black "Ferre Sebastian"]
[Result "0-1"]
[WhiteElo "1603"]
[BlackElo "1970"]
[PlyCount "42"]
[EventDate "2000.??.??"]
[Source "www.chesslib.no"]
[SourceDate "2004.05.04"]

1. e4 e6 2. e5 d5 3. Nc3 c5 4. Nf3 Nc6 5. Bb5 Nge7 6. O-O Bd7 7. d3 a6 8. Bxc6 Nxc6 9. Bg5 Be7 10. Bxe7 Qxe7 11. a3 O-O 12. Qd2 Qd8 13. Rad1 Qc7 14. Rfe1 Rac8 15. Qf4 f6 16. Qg3 Nd4 17. exf6 Rxf6 18. Nxd4 cxd4 19. Ne2 Qxg3 20. fxg3 Rxc2 21. Nxd4 Rxb2 0-1

[Event "Sant Marti op 4th"]
[Site "?"]
[Date "2002.06.01"]
[Round "9.41"]
[White "Carmona Santin Ramon"]
[Black "Castellano Gual Sergio"]
[Result "0-1"]
[WhiteElo "1700"]
[BlackElo "1820"]
[PlyCount "70"]
[EventDate "2002.??.??"]
[Source "www.chesslib.no"]
[SourceDate "2004.05.04"]

1. e4 e6 2. e5 d5 3. exd6 Bxd6 4. d4 h6 5. Nf3 Nf6 6. Nc3 Bd7 7. a3 O-O 8. Bc4 Bc6 9. d5 exd5 10. Bxd5 Bxd5 11. Nxd5 Nxd5 12. Qxd5 Bb4+ 13. Qd2 Bxd2+ 14. Bxd2 Re8+ 15. Be3 Nc6 16. O-O Re7 17. Rfd1 Rd7 18. Re1 Qf6 19. c3 Rad8 20. Rab1 Ne5 21. Bd4 Nxf3+ 22. gxf3 Qxf3 23. Re3 Qf5 24. Rbe1 Rd6 25. R1e2 Rg6+ 26. Rg3 Rxg3+ 27. hxg3 Qd3 28. Re7 Qb1+ 29. Kg2 Qxb2 30. Rxc7 Rxd4 31. cxd4 Qxd4 32. Kg1 Qa1+ 33. Kg2 Qxa3 34. Rxb7 a5 35. Ra7 a4 0-1

[Event "Corr"]
[Site "?"]
[Date "2000.08.23"]
[Round "?"]
[White "Fantoni Franco"]
[Black "Smith Barry"]
[Result "0-1"]
[WhiteElo "1667"]
[BlackElo "1849"]
[PlyCount "86"]
[EventDate "2000.??.??"]
[Source "www.chesslib.no"]
[SourceDate "2004.05.04"]

1. e4 e6 2. e5 d5 3. exd6 Bxd6 4. Nc3 Nf6 5. d4 O-O 6. Bc4 e5 7. dxe5 Bxe5 8. Qxd8 Rxd8 9. Bd2 Nc6 10. O-O-O Bxc3 11. Bxc3 Rxd1+ 12. Kxd1 Ne4 13. Be1 Ne5 14. Bd3 Nxd3 15. cxd3 Nc5 16. d4 Nd3 17. b3 a5 18. Ne2 a4 19. Kd2 Bf5 20. g4 axb3 21. axb3 Bg6 22. f4 Ra2+ 23. Ke3 Ra1 24. Kd2 Be4 25. Rg1 f5 26. gxf5 Bxf5 27. Ng3 Ra2+ 28. Ke3 Bg6 29. f5 Nxe1 30. Rxe1 Bf7 31. Rc1 c6 32. h4 Rb2 33. Ra1 Rxb3+ 34. Kf4 h6 35. Ne4 Rh3 36. Nd6 Bd5 37. Kg4 Rd3 38. Nxb7 Rxd4+ 39. Kg3 h5 40. Nc5 Rg4+ 41. Kh3 Rf4 42. Ra3 Rxf5 43. Re3 Kf7 0-1

[Event "Hamburg"]
[Site "?"]
[Date "1999.10.17"]
[Round "3"]
[White "Wegan Barbara"]
[Black "Svensen Tarjei Joten"]
[Result "1/2-1/2"]
[WhiteElo "1802"]
[BlackElo "1588"]
[PlyCount "134"]
[EventDate "1999.??.??"]
[Source "www.chesslib.no"]
[SourceDate "2004.05.04"]

1. e4 e6 2. e5 d5 3. exd6 cxd6 4. Nf3 Nf6 5. d4 Be7 6. Bd3 O-O 7. O-O b6 8. Nc3 Bb7 9. Re1 Nbd7 10. Qe2 a6 11. Bf4 Re8 12. Ng5 Nf8 13. Nge4 b5 14. Qf3 d5 15. Nxf6+ Bxf6 16. Ne2 Ng6 17. Qh3 Qe7 18. c3 b4 19. Bd2 bxc3 20. Bxc3 Qd6 21. f4 a5 22. g3 Ba6 23. Bc2 Rec8 24. f5 exf5 25. Bxf5 Re8 26. Nf4 Bg5 27. Nd3 Be3+ 28. Kg2 Bc8 29. Ne5 Bxf5 30. Qxf5 Nxe5 31. dxe5 Qb6 32. b3 d4 33. Bb2 Qc6+ 34. Qf3 Qxf3+ 35. Kxf3 Rxe5 36. Re2 Rae8 37. Rd1 g5 38. Bc1 f5 39. Bxe3 Rxe3+ 40. Rxe3 Rxe3+ 41. Kf2 Re4 42. Rd3 Kf7 43. a3 Ke6 44. Kf3 g4+ 45. Kf2 Kd5 46. Kf1 Re6 47. Kf2 Rc6 48. Ke2 Ke4 49. b4 axb4 50. axb4 Rb6 51. Rb3 Rb5 52. Kd2 h5 53. Rb1 f4 54. gxf4 Kxf4 55. Kd3 Kf3 56. Kxd4 h4 57. Kc4 Rb8 58. b5 Kg2 59. Rb2+ Kh3 60. b6 Rxb6 61. Rxb6 Kxh2 62. Kd3 g3 63. Ke3 h3 64. Rb1 Kg2 65. Rb2+ Kh1 66. Rb1+ Kg2 67. Rb2+ Kh1 1/2-1/2

[Event "Mingara"]
[Site "?"]
[Date "2000.01.07"]
[Round "9"]
[White "Petersons Haralds"]
[Black "Butler Brian"]
[Result "1/2-1/2"]
[WhiteElo "1685"]
[BlackElo "1680"]
[PlyCount "86"]
[EventDate "2000.??.??"]
[Source "www.chesslib.no"]
[SourceDate "2004.05.04"]

1. e4 e6 2. e5 d5 3. exd6 cxd6 4. d4 Nf6 5. Nf3 b6 6. Bd3 Be7 7. O-O O-O 8. Re1 Bb7 9. Nbd2 Nbd7 10. Ne4 Rc8 11. h3 Nxe4 12. Bxe4 Bxe4 13. Rxe4 Nf6 14. Re2 Nd5 15. Bd2 Rc4 16. c3 Qd7 17. Qb3 Rfc8 18. a4 a6 19. Ree1 h6 20. Be3 Qc7 21. Nd2 Rc6 22. c4 Nf6 23. d5 exd5 24. cxd5 Rc2 25. Nf3 Qc4 26. Qxc4 R8xc4 27. Bxb6 Nxd5 28. a5 Bf6 29. Re8+ Kh7 30. Ra8 Nb4 31. Rd1 d5 32. b3 R4c3 33. Bd4 Rc1 34. Rxc1 Rxc1+ 35. Kh2 Bxd4 36. Nxd4 Rd1 37. Nf3 Rd3 38. Rb8 Nc6 39. Rb6 Nxa5 40. b4 Nc4 41. Rxa6 Rb3 42. Ra4 Nb6 43. Ra7 Rxb4 1/2-1/2

[Event "Corr"]
[Site "?"]
[Date "1997.12.10"]
[Round "?"]
[White "Lheureux Joseph (BEL)"]
[Black "Sampimon William"]
[Result "0-1"]
[WhiteElo "1800"]
[BlackElo "1520"]
[PlyCount "40"]
[EventDate "1997.??.??"]
[Source "www.chesslib.no"]
[SourceDate "2004.05.04"]

1. e4 e6 2. e5 d6 3. exd6 Bxd6 4. d4 Nf6 5. c3 O-O 6. Nf3 Nbd7 7. Nbd2 e5 8. Nc4 exd4 9. Nxd6 Qe7+ 10. Ne4 Nxe4 11. Qe2 dxc3 12. bxc3 Re8 13. Nd4 Nxc3 14. Qxe7 Rxe7+ 15. Be3 Ne5 16. Ne2 Ne4 17. Rd1 Be6 18. f3 Nf6 19. a3 Bb3 20. Bc5 Re6 0-1

[Event "MotKings-Aces pl"]
[Site "?"]
[Date "2001.05.12"]
[Round "2"]
[White "Alfonso, E."]
[Black "Frank, M."]
[Result "0-1"]
[WhiteElo "1557"]
[BlackElo "1757"]
[PlyCount "42"]
[EventDate "2001.??.??"]
[Source "www.chesslib.no"]
[SourceDate "2004.05.04"]

1. e4 e6 2. e5 d5 3. exd6 Bxd6 4. d4 Nf6 5. Bg5 O-O 6. Nc3 Be7 7. Bd3 h6 8. h4 Nc6 9. Nf3 Re8 10. Qd2 Ng4 11. O-O-O f5 12. Rh3 hxg5 13. hxg5 Nxd4 14. Rdh1 Nxf3 15. g6 Nh6 16. gxf3 Bf6 17. Kb1 Qd4 18. Rxh6 gxh6 19. Qxh6 Bg7 20. Qh7+ Kf8 21. Nb5 Qxb2# 0-1

[Event "Corr"]
[Site "?"]
[Date "2002.10.03"]
[Round "?"]
[White "Berne William"]
[Black "Brandsma Jeroen"]
[Result "0-1"]
[WhiteElo "1671"]
[BlackElo "1576"]
[PlyCount "64"]
[EventDate "2002.??.??"]
[Source "www.chesslib.no"]
[SourceDate "2004.05.04"]

1. e4 e6 2. e5 d6 3. Nf3 Nc6 4. d4 dxe5 5. Nxe5 Nxe5 6. dxe5 Qxd1+ 7. Kxd1 Bc5 8. Be3 Bxe3 9. fxe3 Ne7 10. Nc3 Ng6 11. Be2 Bd7 12. Rf1 O-O-O 13. Bb5 Bxb5+ 14. Ke1 Bxf1 15. Kxf1 Rd2 16. Ne4 Rxc2 17. Ng5 Rd8 18. Nxf7 Rdd2 19. Ke1 Rxg2 20. Kd1 Rcf2 21. Ke1 Rxf7 22. Rd1 Rff2 23. h3 Rxb2 24. Kf1 Rh2 25. Kg1 Rxh3 26. Rf1 Rxe3 27. a4 Re4 28. Ra1 c5 29. Kf1 c4 30. Kg1 c3 31. Rc1 c2 32. Kf1 Rb1 0-1

[Event "St Ingbert Open"]
[Site "St Ingbert"]
[Date "1988.??.??"]
[Round "8"]
[White "Bock, Andreas"]
[Black "Glende, Siegfried"]
[Result "0-1"]
[WhiteElo "1400"]
[BlackElo "1768"]
[PlyCount "106"]
[EventDate "1988.08.20"]
[Source "www.chesslib.no"]
[SourceDate "2004.05.04"]

1. e4 e6 2. e5 d5 3. exd6 cxd6 4. d4 d5 5. Nf3 Nc6 6. Bb5 Bd7 7. Nc3 Nf6 8. O-O Be7 9. Ne5 Nxe5 10. dxe5 Bxb5 11. Nxb5 Nd7 12. Qg4 Nxe5 13. Qxg7 Ng6 14. Bf4 Kd7 15. Rad1 Nxf4 16. Qxf7 Rf8 17. Qxh7 a6 18. Nc3 Qc7 19. g3 Rh8 20. Qf7 Nh3+ 21. Kg2 Raf8 22. Qg7 Kc8 23. Rfe1 Qc5 24. Rf1 Rxf2+ 25. Kh1 Rhf8 26. Rxf2 Qxf2 27. Qg4 Ng5 28. h4 Kb8 29. Qe2 Qxg3 30. Qh2 Qxh2+ 31. Kxh2 Nf3+ 32. Kh3 Bxh4 33. Rf1 Be7 34. Kg3 Bd6+ 35. Kg4 Nh2+ 36. Kg5 Rxf1 37. Ne2 Rf2 38. Nd4 e5 39. Nf5 Kc7 40. Ne3 d4 41. Nd5+ Kc6 42. Nf6 Rxc2 43. Kf5 Rxb2 44. a4 Ra2 45. Ke4 Rxa4 46. Nd5 d3+ 47. Kxd3 Kxd5 48. Kc3 Ra3+ 49. Kb2 Kc4 50. Kc2 Ra2+ 51. Kd1 Kd3 52. Ke1 Bb4+ 53. Kd1 Ra1# 0-1

[Event "Gemuend op"]
[Site "?"]
[Date "1999.10.24"]
[Round "1"]
[White "Fuchs Walter"]
[Black "Jeurissen Karel"]
[Result "0-1"]
[WhiteElo "1310"]
[BlackElo "1738"]
[PlyCount "62"]
[EventDate "1999.??.??"]
[Source "www.chesslib.no"]
[SourceDate "2004.05.04"]

1. e4 e6 2. e5 c5 3. c4 Nc6 4. Nf3 f6 5. exf6 Nxf6 6. d3 Be7 7. Be3 O-O 8. Be2 d5 9. O-O b6 10. b3 Qc7 11. Na3 a6 12. Nc2 Bd6 13. h3 d4 14. Bd2 e5 15. Ng5 h6 16. Ne4 Bf5 17. Nxd6 Qxd6 18. f3 Ra7 19. a3 Ne8 20. b4 g5 21. Qc1 Rg7 22. bxc5 bxc5 23. Rb1 Qc7 24. g4 Bc8 25. Kg2 Bb7 26. h4 h5 27. Bxg5 hxg4 28. fxg4 Ne7+ 29. Kh3 Ng6 30. Bh6 Rxf1 31. Bxf1 Qc6 0-1

[Event "Duesseldorf"]
[Site "?"]
[Date "2005.09.30"]
[Round "4.9"]
[White "Doemges Heinrich"]
[Black "Boehm Peter"]
[Result "0-1"]
[WhiteElo "1221"]
[BlackElo "1773"]
[PlyCount "106"]
[EventDate "2005.??.??"]
[Source "www.chesslib.no"]
[SourceDate "2004.05.04"]

1. e4 e6 2. e5 d5 3. exd6 Bxd6 4. c3 Ne7 5. Nf3 b6 6. d4 Bb7 7. Nbd2 Nd7 8. Bd3 h6 9. O-O a5 10. a4 c5 11. Be4 Qc7 12. Bxb7 Qxb7 13. Nc4 Bc7 14. Re1 O-O 15. Nce5 Nf6 16. h3 Rad8 17. Qc2 Nfd5 18. Qe4 f5 19. Qc2 Rf6 20. Bd2 Qc8 21. Re2 Bb8 22. Rae1 cxd4 23. Nxd4 Bxe5 24. Rxe5 Nc7 25. Qb3 Ned5 26. Nc6 Rd7 27. Bc1 Kh7 28. Na7 Qb7 29. Nb5 Nxb5 30. Qxb5 Re7 31. Qe2 Rg6 32. g3 Qc6 33. Qb5 Qb7 34. h4 f4 35. Qd3 fxg3 36. fxg3 Nf6 37. h5 Nxh5 38. Rxh5 Rd7 39. Qc2 Qf3 40. Rh3 Rd3 41. Qg2 Qf5 42. Kh2 Rf3 43. Bf4 Rxf4 44. Kg1 Qc5+ 45. Kh1 Rf2 46. Qe4 Rxb2 47. Rxh6+ gxh6 48. Qb7+ Rg7 49. Qe4+ Qf5 50. Qxf5+ exf5 51. Re3 Rd7 52. Re1 Kg6 53. Rg1 Rdd2 0-1

[Event "Kalamazoo"]
[Site "?"]
[Date "1996.03.30"]
[Round "?"]
[White "Anthony James"]
[Black "Schulte Michaela"]
[Result "0-1"]
[WhiteElo "1470"]
[BlackElo "1383"]
[PlyCount "88"]
[EventDate "1996.??.??"]
[Source "www.chesslib.no"]
[SourceDate "2004.05.04"]

1. e4 e6 2. e5 d6 3. exd6 Bxd6 4. Nf3 Nf6 5. Be2 Nc6 6. d4 O-O 7. O-O e5 8. dxe5 Nxe5 9. Nc3 Nfg4 10. Nxe5 Nxe5 11. f4 Ng6 12. Ne4 Re8 13. Nxd6 Qxd6 14. Qxd6 cxd6 15. Bd3 Ne7 16. Bd2 Bf5 17. Bb5 Rec8 18. c3 a6 19. Be2 Re8 20. Bf3 Rab8 21. Rfe1 b5 22. Re3 Ng6 23. g3 Rxe3 24. Bxe3 Re8 25. Re1 Be4 26. Bd4 d5 27. Kf2 Kf8 28. Bc5+ Kg8 29. b4 f5 30. Bh5 Ra8 31. a3 a5 32. Rd1 axb4 33. Bxb4 Nf8 34. h3 Ne6 35. Ke3 Rc8 36. Rd2 Nc5 37. Be2 Na4 38. Kd4 Rb8 39. Bf1 h5 40. h4 g6 41. Bd3 Kf7 42. Bxe4 dxe4 43. Ke3 Nb6 44. Rd6 Nc4+ 0-1

[Event "Corr"]
[Site "?"]
[Date "2004.02.12"]
[Round "?"]
[White "Robinson Keith"]
[Black "Heyvaert Philippe"]
[Result "0-1"]
[WhiteElo "1122"]
[BlackElo "1344"]
[PlyCount "96"]
[EventDate "2004.??.??"]
[Source "www.chesslib.no"]
[SourceDate "2004.05.04"]

1. e4 e6 2. e5 d6 3. d4 dxe5 4. dxe5 Qxd1+ 5. Kxd1 Nc6 6. Nf3 Bd7 7. Ng5 Nxe5 8. Bf4 Ng4 9. Ne4 O-O-O 10. f3 N8f6 11. Nbd2 Nd5 12. fxg4 Nxf4 13. Ng5 Be8 14. g3 Nd5 15. Ke2 Be7 16. Nge4 Bc6 17. c4 Nf6 18. Bg2 Rd4 19. Ke3 Rhd8 20. Rhf1 Bc5 21. Ke2 Nxe4 22. Nxe4 Bxe4 23. Bxe4 Rxe4+ 24. Kf3 Re3+ 25. Kg2 Re2+ 26. Kh3 Rdd2 27. Rh1 Rxb2 28. a4 e5 29. g5 e4 30. a5 e3 31. a6 bxa6 32. Rxa6 Ra2 33. Rxa2 Rxa2 34. g6 fxg6 35. Re1 h5 36. Kh4 Rxh2+ 37. Kg5 Bb4 38. Rxe3 Bd2 39. Kxg6 Bxe3 40. Kxg7 h4 41. gxh4 Rxh4 42. Kf6 Rxc4 43. Ke6 a5 44. Kf6 a4 45. Kg7 Rf4 46. Kh6 Rg4+ 47. Kh5 Rg8 48. Kh4 a3 0-1

[Event "Corr"]
[Site "?"]
[Date "2005.02.25"]
[Round "?"]
[White "Petrov Anton"]
[Black "Copin Jean-Christophe"]
[Result "0-1"]
[WhiteElo "1037"]
[BlackElo "1149"]
[PlyCount "50"]
[EventDate "2005.??.??"]
[Source "www.chesslib.no"]
[SourceDate "2004.05.04"]

1. e4 e6 2. e5 Nc6 3. f4 d6 4. d4 dxe5 5. dxe5 Qxd1+ 6. Kxd1 b6 7. Bb5 Bb7 8. Nf3 O-O-O+ 9. Bd2 Bc5 10. c3 f6 11. Re1 Nce7 12. Nd4 Bxd4 13. cxd4 Rxd4 14. g3 a6 15. Bf1 f5 16. Na3 Nh6 17. Nc2 Rd7 18. Nb4 Rhd8 19. Re2 Bf3 20. Ke1 Bxe2 21. Bc3 Bxf1 22. Kxf1 Rd1+ 23. Rxd1 Rxd1+ 24. Kg2 a5 25. Na6 Nd5 0-1

[Event "Corr"]
[Site "?"]
[Date "2002.10.03"]
[Round "?"]
[White "Montarolo Luca"]
[Black "Spencer James"]
[Result "0-1"]
[WhiteElo "978"]
[BlackElo "1135"]
[PlyCount "28"]
[EventDate "2002.??.??"]
[Source "www.chesslib.no"]
[SourceDate "2004.05.04"]

1. e4 e6 2. e5 d6 3. exd6 Bxd6 4. Bb5+ c6 5. Be2 Nf6 6. Nf3 c5 7. O-O Nc6 8. Bb5 Bd7 9. Bxc6 Bxc6 10. Nc3 Ng4 11. Qe2 Bxf3 12. gxf3 Qh4 13. h3 Qxh3 14. fxg4 Qh2# 0-1

[Event "Corr"]
[Site "?"]
[Date "2002.10.02"]
[Round "?"]
[White "Montarolo Luca"]
[Black "Copin Jean-Christophe"]
[Result "0-1"]
[WhiteElo "910"]
[BlackElo "1141"]
[PlyCount "70"]
[EventDate "2002.??.??"]
[Source "www.chesslib.no"]
[SourceDate "2004.05.04"]

1. e4 e6 2. e5 c5 3. Nc3 d5 4. Bb5+ Bd7 5. Bxd7+ Nxd7 6. Nf3 d4 7. Nb5 f6 8. exf6 Ngxf6 9. O-O a6 10. Na3 Qc7 11. Nc4 b5 12. Nce5 Nxe5 13. Nxe5 Qxe5 14. c3 Bd6 15. g3 O-O 16. cxd4 Qxd4 17. Qe2 e5 18. Qe3 Ng4 19. Qxd4 exd4 20. d3 c4 21. dxc4 bxc4 22. b3 d3 23. bxc4 Bc5 24. Be3 Bxe3 25. fxe3 Rxf1+ 26. Rxf1 d2 27. Rd1 Rd8 28. c5 Nxe3 29. Rb1 d1=Q+ 30. Rxd1 Rxd1+ 31. Kf2 Nd5 32. c6 Ra1 33. c7 Nxc7 34. Kf3 Rxa2 35. Kg4 Rb2 0-1

[Event "Corr"]
[Site "?"]
[Date "2000.07.03"]
[Round "?"]
[White "Martinez Jose Luis"]
[Black "Harris Jeffrey"]
[Result "0-1"]
[WhiteElo "1060"]
[BlackElo "988"]
[PlyCount "74"]
[EventDate "2000.??.??"]
[Source "www.chesslib.no"]
[SourceDate "2004.05.04"]

1. e4 e6 2. e5 d6 3. d4 dxe5 4. dxe5 Qxd1+ 5. Kxd1 Nc6 6. f4 Bd7 7. a4 O-O-O 8. c3 Na5 9. Nd2 Bc6 10. Ngf3 Bxf3+ 11. gxf3 Nb3 12. Kc2 Nxa1+ 13. Kb1 Bc5 14. Kxa1 Be3 15. Nb3 Rd1 16. Kb1 Bxc1 17. Nxc1 Ne7 18. Kc2 Rhd8 19. Nd3 Ra1 20. b3 Nf5 21. Nc1 Ne3+ 22. Kb2 Rxc1 23. Kxc1 Rd1+ 24. Kb2 Rxf1 25. Rxf1 Nxf1 26. h3 Nh2 27. Kc2 Nxf3 28. Kd3 Nh4 29. Ke3 Kd7 30. c4 Kc6 31. b4 a6 32. Ke4 b5 33. cxb5+ axb5 34. a5 Kb7 35. Kd4 Nf3+ 36. Kc5 Ka6 37. Kc6 Nxe5+ 0-1

[Event "Corr"]
[Site "?"]
[Date "2004.08.16"]
[Round "?"]
[White "Lafargue Philippe"]
[Black "Young Luke"]
[Result "0-1"]
[WhiteElo "947"]
[BlackElo "1059"]
[PlyCount "90"]
[EventDate "2004.??.??"]
[Source "www.chesslib.no"]
[SourceDate "2004.05.04"]

1. e4 e6 2. e5 d6 3. Nf3 Nc6 4. Bb5 Bd7 5. d4 dxe5 6. dxe5 Nxe5 7. Nxe5 Bxb5 8. Qxd8+ Rxd8 9. c4 Ba6 10. O-O f6 11. b4 Bxb4 12. a3 fxe5 13. axb4 Bxc4 14. Bb2 Bxf1 15. Bxe5 Nf6 16. Kxf1 O-O 17. Nc3 Ng4 18. Bg3 Ne3+ 19. Ke2 Nf5 20. Bxc7 Rc8 21. Be5 a6 22. b5 Nh4 23. bxa6 bxa6 24. Rxa6 Rf5 25. Rxe6 Rxe5+ 26. Rxe5 Rxc3 27. Re3 Rc2+ 28. Kf1 Nf5 29. Re2 Rc5 30. f3 Rc3 31. Ke1 Nd4 32. Rd2 Nxf3+ 33. gxf3 Rxf3 34. Re2 g5 35. Rg2 h6 36. h4 Rf5 37. h5 Kf7 38. Ke2 Kf6 39. Rf2 g4 40. Rg2 Kg5 41. Rh2 g3 42. Rg2 Kg4 43. Rg1 Rxh5 44. Kf1 Rf5+ 45. Kg2 Rf2+ 0-1

[Event "Corr"]
[Site "?"]
[Date "2000.05.11"]
[Round "?"]
[White "Ellis Roscoe"]
[Black "Mierzwa Leszek"]
[Result "0-1"]
[WhiteElo "975"]
[BlackElo "974"]
[PlyCount "36"]
[EventDate "2000.??.??"]
[Source "www.chesslib.no"]
[SourceDate "2004.05.04"]

1. e4 e6 2. e5 d5 3. exd6 cxd6 4. Bb5+ Bd7 5. c4 Nf6 6. Nf3 Be7 7. O-O O-O 8. Nc3 a6 9. Ba4 d5 10. cxd5 exd5 11. d4 b5 12. Bc2 Nc6 13. Bg5 Bg4 14. Bxf6 Bxf6 15. Qd3 g6 16. h3 Bxf3 17. Qxf3 Nxd4 18. Bb3 Nxf3+ 0-1

[Event "Corr"]
[Site "?"]
[Date "2001.01.29"]
[Round "?"]
[White "Page Alan"]
[Black "Peters Charles William"]
[Result "1-0"]
[WhiteElo "1039"]
[BlackElo "830"]
[PlyCount "67"]
[EventDate "2001.??.??"]
[Source "www.chesslib.no"]
[SourceDate "2004.05.04"]

1. e4 e6 2. e5 Nc6 3. d4 d6 4. Nf3 f6 5. exf6 Nxf6 6. c4 Qe7 7. Be2 g5 8. Bxg5 Bg7 9. Nc3 h6 10. Bxf6 Bxf6 11. d5 exd5 12. cxd5 Nb4 13. a3 Na6 14. O-O Qg7 15. g3 h5 16. h4 Be5 17. Bb5+ c6 18. Nxe5 cxb5 19. Nd3 Bh3 20. Re1+ Kd7 21. Qb3 Qd4 22. Qxb5+ Kc7 23. Re7+ Kd8 24. Rae1 Rf8 25. Re8+ Rxe8 26. Qxe8+ Kc7 27. Qxa8 Qxd3 28. Re7+ Kb6 29. Qxb7+ Ka5 30. b4+ Nxb4 31. Qxb4+ Ka6 32. Qxd6+ Ka5 33. Rxa7+ Qa6 34. Rxa6# 1-0